[Event "Riga Tech op-A"]
[Site "Riga"]
[Date "2019.08.11"]
[Round "9"]
[White "Kulaots, Kaido"]
[Black "Nesterets, Anatoliy"]
[Result "1-0"]
[WhiteElo "2565"]
[BlackElo "2387"]
[PlyCount "57"]
[EventDate "2019.08.05"]
[EventType "swiss"]
[EventRounds "9"]
[EventCountry "LAT"]
[SourceTitle "CBM 191 Extra"]
[Source "ChessBase"]
[SourceDate "2019.09.30"]
[SourceVersion "1"]
[SourceVersionDate "2019.09.30"]
[SourceQuality "1"]

1. e4 e6 2. d4 d5 3. Nc3 Nf6 4. e5 Nfd7 5. f4 c5 6. Nf3 Nc6 7. Be3 a6 8. Qd2 b5 9. dxc5 Bxc5 10. Bd3 Qb6 11. Bf2 b4 12. Na4 Bxf2+ 13. Qxf2 Qxf2+ 14. Kxf2 a5 15. Rac1 Ba6 16. Bxa6 Rxa6 17. c4 bxc3 18. Rxc3 0-0 19. a3 f6 20. Rhc1 Ncb8 21. Rc8 fxe5 22. fxe5 Kf7 23. R8c7 Kg6 24. Ke3 Kf5 25. Nc5 Nxc5 26. Rxg7 d4+ 27. Nxd4+ Kxe5 28. Rxc5+ Kd6 29. b4 1-0

[Event "Riga Tech op-A"]
[Site "Riga"]
[Date "2019.08.08"]
[Round "5"]
[White "Lalith, Babu MR"]
[Black "Nesterets, Anatoliy"]
[Result "1-0"]
[WhiteElo "2574"]
[BlackElo "2387"]
[PlyCount "59"]
[EventDate "2019.08.05"]
[EventType "swiss"]
[EventRounds "9"]
[EventCountry "LAT"]
[SourceTitle "CBM 191 Extra"]
[Source "ChessBase"]
[SourceDate "2019.09.30"]
[SourceVersion "1"]
[SourceVersionDate "2019.09.30"]
[SourceQuality "1"]

1. d4 Nf6 2. c4 e6 3. Nf3 d5 4. Nc3 c6 5. e3 Nbd7 6. Bd3 dxc4 7. Bxc4 b5 8. Bd3 Bb7 9. e4 b4 10. Na4 c5 11. e5 Nd5 12. 0-0 cxd4 13. Nxd4 g6 14. Qg4 Bg7 15. Bg5 Nxe5 16. Nxe6 Nxg4 17. Bb5+ Qd7 18. Nxg7+ Kf8 19. Bxd7 h6 20. Bxg4 hxg5 21. Nc5 Nf6 22. Nge6+ fxe6 23. Bxe6 Re8 24. Rad1 Rh7 25. f4 g4 26. f5 Rc7 27. fxg6 Kg7 28. Bf7 Re2 29. Ne6+ Kh6 30. Rxf6 1-0

[Event "Riga RTU rapid op"]
[Site "Riga"]
[Date "2019.07.04"]
[Round "3"]
[White "Gagare, Shalmali"]
[Black "Nesterets, Anatoliy"]
[Result "1-0"]
[WhiteElo "1984"]
[BlackElo "2317"]
[PlyCount "59"]
[EventDate "2019.07.04"]
[EventType "swiss (rapid)"]
[EventRounds "9"]
[EventCountry "LAT"]
[SourceTitle "EXT 2020"]
[Source "ChessBase"]
[SourceDate "2019.10.17"]
[SourceVersion "1"]
[SourceVersionDate "2019.10.17"]
[SourceQuality "1"]

1. c4 b6 2. Nf3 Bb7 3. g3 Bxf3 4. exf3 e6 5. Bg2 Nf6 6. 0-0 Be7 7. f4 d5 8. f5 exf5 9. cxd5 Bd6 10. Re1+ Kf8 11. Qc2 g6 12. Nc3 a6 13. Ne2 Kg7 14. b3 Nbd7 15. Nd4 Re8 16. Bb2 Rxe1+ 17. Rxe1 Qf8 18. Nxf5+ gxf5 19. Qxf5 Kg8 20. Bxf6 Nxf6 21. Qxf6 Qg7 22. Qf5 Kf8 23. Qe4 h6 24. Bh3 Rd8 25. Re3 Qg6 26. Bf5 Qf6 27. Rf3 Re8 28. Be6 Qg7 29. Qh4 Re7 30. Rxf7+ 1-0

[Event "Riga RTU rapid op"]
[Site "Riga"]
[Date "2019.07.04"]
[Round "8"]
[White "Nesterets, Anatoliy"]
[Black "Efremov, Vladislav"]
[Result "1-0"]
[WhiteElo "2317"]
[BlackElo "1956"]
[PlyCount "99"]
[EventDate "2019.07.04"]
[EventType "swiss (rapid)"]
[EventRounds "9"]
[EventCountry "LAT"]
[SourceTitle "EXT 2020"]
[Source "ChessBase"]
[SourceDate "2019.10.17"]
[SourceVersion "1"]
[SourceVersionDate "2019.10.17"]
[SourceQuality "1"]

1. e4 c5 2. Nf3 e6 3. d4 cxd4 4. Nxd4 Nc6 5. Nc3 Qc7 6. g3 a6 7. Bg2 Nf6 8. 0-0 Bc5 9. Nxc6 dxc6 10. Na4 Ba7 11. c4 0-0 12. c5 e5 13. Bg5 Qe7 14. Qc2 h6 15. Bd2 Be6 16. f4 exf4 17. gxf4 Nd7 18. b4 f6 19. Kh1 Bb8 20. Nc3 Bc7 21. Nd5 cxd5 22. exd5 Bf7 23. Rae1 Qd8 24. d6 Bxd6 25. cxd6 Nb6 26. Bxb7 Ra7 27. Bg2 Qxd6 28. Be3 Rc8 29. Bc5 Qd8 30. Bxb6 Rxc2 31. Bxd8 Rd7 32. Rd1 Rxd1 33. Rxd1 Rxa2 34. Bd5 Rb2 35. Ba5 Rf2 36. Bxf7+ Kxf7 37. Rd6 Rxf4 38. Rxa6 Rf1+ 39. Kg2 Rb1 40. Ra7+ Kg6 41. Rb7 Rb2+ 42. Kg3 Rb3+ 43. Kg2 Rb2+ 44. Kg3 Rb3+ 45. Kf4 Rh3 46. b5 Rxh2 47. b6 Rb2 48. Ra7 h5 49. b7 h4 50. Bc7 1-0

[Event "Riga RTU rapid op"]
[Site "Riga"]
[Date "2019.07.04"]
[Round "6"]
[White "Nesterets, Anatoliy"]
[Black "Sertbay, Huseyin"]
[Result "1-0"]
[WhiteElo "2317"]
[BlackElo "2016"]
[PlyCount "51"]
[EventDate "2019.07.04"]
[EventType "swiss (rapid)"]
[EventRounds "9"]
[EventCountry "LAT"]
[SourceTitle "EXT 2020"]
[Source "ChessBase"]
[SourceDate "2019.10.17"]
[SourceVersion "1"]
[SourceVersionDate "2019.10.17"]
[SourceQuality "1"]

1. e4 c6 2. d4 d5 3. e5 Bf5 4. c4 e6 5. Nc3 Ne7 6. a3 Nd7 7. c5 f6 8. f4 fxe5 9. fxe5 Ng6 10. Nf3 Be7 11. Bd3 0-0 12. 0-0 Qe8 13. b4 Bg4 14. h3 Bxf3 15. Rxf3 Rxf3 16. Qxf3 Qf7 17. Qxf7+ Kxf7 18. Be3 Rf8 19. g3 Bd8 20. b5 Ne7 21. Rb1 Ba5 22. Ne2 Nf5 23. Bxf5 exf5 24. bxc6 bxc6 25. Rb7 Ke8 26. Rxa7 1-0

[Event "Satu Mare Szabo Memorial"]
[Site "Satu Mare"]
[Date "2018.07.30"]
[Round "9"]
[White "Nesterets, Anatoliy"]
[Black "Baum, Jonasz"]
[Result "1-0"]
[WhiteElo "2376"]
[BlackElo "2272"]
[PlyCount "57"]
[EventDate "2018.07.24"]
[EventType "swiss"]
[EventRounds "9"]
[EventCountry "ROU"]
[SourceTitle "CBM 185 Extra"]
[Source "ChessBase"]
[SourceDate "2018.07.29"]
[SourceVersion "1"]
[SourceVersionDate "2018.07.29"]
[SourceQuality "1"]

1. e4 c5 2. Nc3 Nc6 3. Bb5 g6 4. Bxc6 bxc6 5. d3 Bg7 6. f4 d6 7. Nf3 Nf6 8. 0-0 0-0 9. Qe1 Rb8 10. f5 gxf5 11. Qh4 e5 12. exf5 Rb4 13. Qh3 Qd7 14. Ng5 d5 15. a3 Rb8 16. Qg3 Re8 17. Nh3 Kh8 18. Qh4 Qe7 19. g4 d4 20. Ne2 e4 21. Bg5 exd3 22. Ng3 dxc2 23. Nh5 Rb3 24. Nf2 Bxf5 25. Nxf6 h6 26. gxf5 Rg8 27. N2g4 Rh3 28. Qxh3 Bxf6 29. Qxh6# 1-0

[Event "Lvov Tradition IM 01"]
[Site "Lvov"]
[Date "2017.01.24"]
[Round "3"]
[White "Nesterets, Anatoliy"]
[Black "Golubka, Petr"]
[Result "1/2-1/2"]
[WhiteElo "2416"]
[BlackElo "2413"]
[PlyCount "60"]
[EventDate "2017.01.23"]
[EventType "tourn"]
[EventRounds "9"]
[EventCountry "UKR"]
[EventCategory "1"]
[SourceTitle "CBM 176 Extra"]
[Source "ChessBase"]
[SourceDate "2017.03.02"]
[SourceVersion "1"]
[SourceVersionDate "2017.03.02"]
[SourceQuality "1"]

1. e4 c5 2. Nf3 d6 3. d4 cxd4 4. Nxd4 Nf6 5. Nc3 a6 6. f4 Nc6 7. Nxc6 bxc6 8. e5 Nd7 9. Bc4 Nb6 10. Bd3 g6 11. Qf3 d5 12. f5 gxf5 13. Bxf5 Nc4 14. e6 Bxe6 15. Bxe6 fxe6 16. 0-0 Qd6 17. b3 Ne5 18. Qh5+ Ng6 19. Bb2 e5 20. Qf5 Bh6 21. Kh1 Be3 22. Na4 Rf8 23. Qh3 Ba7 24. Rxf8+ Nxf8 25. Rf1 d4 26. Bc1 Rd8 27. Nb2 Qg6 28. Qd3 c5 29. Re1 Qxd3 30. Nxd3 Nd7 1/2-1/2

[Event "Lvov Tradition IM 01"]
[Site "Lvov"]
[Date "2017.01.24"]
[Round "2"]
[White "Sevostianov, Pavel"]
[Black "Nesterets, Anatoliy"]
[Result "0-1"]
[WhiteElo "2262"]
[BlackElo "2416"]
[PlyCount "78"]
[EventDate "2017.01.23"]
[EventType "tourn"]
[EventRounds "9"]
[EventCountry "UKR"]
[EventCategory "1"]
[SourceTitle "CBM 176 Extra"]
[Source "ChessBase"]
[SourceDate "2017.03.02"]
[SourceVersion "1"]
[SourceVersionDate "2017.03.02"]
[SourceQuality "1"]

1. c4 Nf6 2. g3 e5 3. Bg2 g6 4. Nc3 Bg7 5. e3 d6 6. Nge2 0-0 7. 0-0 Nc6 8. d3 Bd7 9. h3 a6 10. b3 Rb8 11. Bb2 b5 12. Qd2 Ne7 13. e4 Ne8 14. cxb5 axb5 15. d4 c5 16. dxc5 dxc5 17. Rfd1 Nf6 18. Qd6 b4 19. Na4 Bxa4 20. bxa4 Qxd6 21. Rxd6 c4 22. Rad1 c3 23. Bc1 Nc8 24. Rc6 Nb6 25. a5 Nbd7 26. Be3 Rb5 27. a6 Ra5 28. Nc1 Nb8 29. Rb6 Nxa6 30. Bg5 Nc5 31. Bxf6 Bxf6 32. Rxf6 Ne6 33. Rd5 Rfa8 34. Rxa5 Rxa5 35. Rf3 Nd4 36. Rf6 b3 37. Nxb3 Nxb3 38. axb3 Rc5 39. b4 Rc8 0-1

[Event "Mukachevo Summer op"]
[Site "Mukachevo"]
[Date "2016.07.01"]
[Round "4"]
[White "Nesterets, Anatoliy"]
[Black "Pastukhov, Igor"]
[Result "1-0"]
[WhiteElo "2423"]
[BlackElo "2230"]
[PlyCount "113"]
[EventDate "2016.06.29"]
[EventType "swiss"]
[EventRounds "9"]
[EventCountry "UKR"]
[SourceTitle "CBM 173 Extra"]
[Source "ChessBase"]
[SourceDate "2016.08.29"]
[SourceVersion "1"]
[SourceVersionDate "2016.08.29"]
[SourceQuality "1"]

1. d4 d5 2. c4 e6 3. Nc3 Nf6 4. Bg5 Be7 5. e3 Nbd7 6. Qc2 0-0 7. cxd5 exd5 8. Bd3 c6 9. Nge2 Re8 10. 0-0-0 Nf8 11. h3 a5 12. Kb1 b5 13. Bxf6 Bxf6 14. e4 dxe4 15. Bxe4 Bd7 16. Bf3 a4 17. Ne4 a3 18. b3 g6 19. g4 Bg7 20. Nc5 Rc8 21. Qc1 Be6 22. Qxa3 Bd5 23. Bxd5 Rxe2 24. Bf3 Rxf2 25. b4 Qf6 26. Rd3 Qf4 27. Rhd1 Rd8 28. Qc3 Rxd4 29. Rxd4 Bxd4 30. Qxd4 Qxd4 31. Rxd4 Rxf3 32. Rd6 Rxh3 33. Rxc6 Rh4 34. a4 Rxg4 35. a5 Rxb4+ 36. Ka2 Ne6 37. Ka3 Rc4 38. Rc8+ Nf8 39. a6 Kg7 40. a7 Nd7 41. a8Q Nxc5 42. Rg8+ Kf6 43. Qf3+ Ke7 44. Rg7 Ra4+ 45. Kb2 Rb4+ 46. Kc2 Rc4+ 47. Kd1 Rd4+ 48. Ke2 Re4+ 49. Kf1 Re5 50. Qxf7+ Kd6 51. Qc7+ Kd5 52. Rxh7 b4 53. Qd8+ Kc4 54. Rh4+ Ne4 55. Qc7+ Kd4 56. Qd6+ Rd5 57. Qxb4+ 1-0

[Event "Lvov IM 09"]
[Site "Lvov"]
[Date "2015.10.02"]
[Round "7"]
[White "Nesterets, Anatoliy"]
[Black "Shkuran, Danylo"]
[Result "1-0"]
[WhiteElo "2422"]
[BlackElo "2433"]
[PlyCount "73"]
[EventDate "2015.09.28"]
[EventType "tourn"]
[EventRounds "11"]
[EventCountry "UKR"]
[EventCategory "1"]
[SourceTitle "CBM 168 Extra"]
[Source "ChessBase"]
[SourceDate "2015.10.29"]
[SourceVersion "1"]
[SourceVersionDate "2015.10.29"]
[SourceQuality "1"]

1. e4 c5 2. Nf3 e6 3. d4 cxd4 4. Nxd4 a6 5. Nc3 Qc7 6. Bd3 Nc6 7. Nxc6 dxc6 8. 0-0 Nf6 9. Qe2 e5 10. Be3 Be7 11. a4 a5 12. h3 0-0 13. f4 exf4 14. Bxf4 Qb6+ 15. Kh1 Qxb2 16. Bd2 Qb6 17. e5 Nd5 18. Qe4 g6 19. Nxd5 cxd5 20. Qxd5 Be6 21. Qf3 Qc7 22. Be4 Rab8 23. c4 Qxc4 24. Bxb7 Rfd8 25. Rfc1 Qb3 26. Qxb3 Bxb3 27. Bxa5 Rd4 28. Bc6 Rc8 29. Bb6 Rb4 30. a5 Bg5 31. Rc5 Be3 32. Rb5 Ra4 33. Rxa4 Bxa4 34. Bxe3 Rxc6 35. Rb4 Bc2 36. Bh6 f6 37. Rb6 1-0

[Event "Lvov IM 09"]
[Site "Lvov"]
[Date "2015.09.30"]
[Round "4"]
[White "Nesterets, Anatoliy"]
[Black "Vasina, Olena"]
[Result "1-0"]
[WhiteElo "2422"]
[BlackElo "2072"]
[PlyCount "141"]
[EventDate "2015.09.28"]
[EventType "tourn"]
[EventRounds "11"]
[EventCountry "UKR"]
[EventCategory "1"]
[SourceTitle "CBM 168 Extra"]
[Source "ChessBase"]
[SourceDate "2015.10.29"]
[SourceVersion "1"]
[SourceVersionDate "2015.10.29"]
[SourceQuality "1"]

1. e4 c5 2. Nf3 e6 3. d4 cxd4 4. Nxd4 a6 5. Bd3 b5 6. a4 b4 7. Nd2 Bb7 8. Qe2 Be7 9. c3 Nf6 10. 0-0 Nc6 11. Nxc6 Bxc6 12. cxb4 Bxb4 13. e5 Nd5 14. Qg4 g6 15. Ne4 Qb8 16. Qg3 Be7 17. Bg5 Bxg5 18. Qxg5 h6 19. Qg3 Kf8 20. Nd6 Rg8 21. Be4 Ne7 22. Qf4 Rg7 23. Bxc6 Nxc6 24. Qxh6 Kg8 25. Qg5 Qd8 26. Qf4 g5 27. Qe3 Rb8 28. Rac1 Qa5 29. Rc5 Qxa4 30. Ne4 Rg6 31. Nf6+ Kg7 32. Nxd7 Rb3 33. Rc3 Rxc3 34. Qxc3 Nd4 35. Qc8 Qb4 36. Nf6 Rxf6 37. exf6+ Kxf6 38. Qd8+ Kg6 39. Rd1 e5 40. Qg8+ Kf6 41. Qh8+ Ke6 42. Qc8+ Ke7 43. Qxa6 Qxb2 44. Qd3 Kf6 45. h3 Ne2+ 46. Kh2 Nd4 47. Rb1 Qe2 48. Rb6+ Kg7 49. Qxe2 Nxe2 50. g3 f6 51. Kg2 Kg6 52. Rb1 Nc3 53. Ra1 Ne2 54. Kf3 Nd4+ 55. Ke4 Ne6 56. Rc1 Ng7 57. Rc6 Nf5 58. Ra6 Ne7 59. Rb6 Nf5 60. Kd5 Nd4 61. Kd6 Nf5+ 62. Kd7 Nd4 63. Ke7 Nf5+ 64. Kf8 g4 65. hxg4 Nh6 66. f3 e4 67. Rb7 f5 68. Rg7+ Kf6 69. g5+ Ke6 70. Re7+ Kd6 71. gxh6 1-0

[Event "Lvov IM 09"]
[Site "Lvov"]
[Date "2015.09.28"]
[Round "1"]
[White "Walter, Szymon"]
[Black "Nesterets, Anatoliy"]
[Result "0-1"]
[WhiteElo "2214"]
[BlackElo "2422"]
[PlyCount "98"]
[EventDate "2015.09.28"]
[EventType "tourn"]
[EventRounds "11"]
[EventCountry "UKR"]
[EventCategory "1"]
[SourceTitle "CBM 168 Extra"]
[Source "ChessBase"]
[SourceDate "2015.10.29"]
[SourceVersion "1"]
[SourceVersionDate "2015.10.29"]
[SourceQuality "1"]

1. e4 c5 2. Nf3 d6 3. d4 cxd4 4. Nxd4 Nf6 5. Nc3 a6 6. h3 e5 7. Nde2 h5 8. Bg5 Be6 9. f4 Nbd7 10. f5 Bc4 11. Ng3 Rc8 12. Qf3 Be7 13. 0-0-0 Qa5 14. Kb1 b5 15. Bxc4 Rxc4 16. Bxf6 Nxf6 17. Rhe1 h4 18. Nf1 Rd4 19. Ne3 0-0 20. Ned5 Nxd5 21. Nxd5 Bg5 22. c3 Rxd1+ 23. Rxd1 Qd8 24. Qd3 Bh6 25. f6 gxf6 26. Qf3 f5 27. Qxf5 Qg5 28. Nf6+ Kg7 29. Qxg5+ Bxg5 30. Nd7 Re8 31. Rxd6 f5 32. Nc5 Be7 33. Rd7 Kg6 34. exf5+ Kxf5 35. Nb3 Kf4 36. Rd2 Ke3 37. Kc2 Rf8 38. Rd3+ Kf2 39. Rd7 Bg5 40. Rg7 Bf4 41. Nc5 Bg3 42. Nd3+ Kg1 43. Kd1 e4 44. Nc5 Rf1+ 45. Kc2 Rf2+ 46. Kb3 e3 47. a4 bxa4+ 48. Kxa4 Rxb2 49. Ka3 e2 0-1

[Event "Mukachevo Summer op"]
[Site "Mukachevo"]
[Date "2011.06.23"]
[Round "4"]
[White "Nesterets, Anatoliy"]
[Black "Starozhilov, Leonid"]
[Result "0-1"]
[WhiteElo "2418"]
[BlackElo "2211"]
[PlyCount "82"]
[EventDate "2011.06.21"]
[EventType "swiss"]
[EventRounds "9"]
[EventCountry "UKR"]
[SourceTitle "CBM 143 Extra"]
[Source "ChessBase"]
[SourceDate "2011.08.29"]
[SourceVersion "1"]
[SourceVersionDate "2011.08.29"]
[SourceQuality "1"]

1. d4 Nf6 2. c4 g6 3. Nc3 Bg7 4. e4 d6 5. f4 0-0 6. Nf3 c5 7. dxc5 Qa5 8. Bd3 Qxc5 9. Qe2 Nc6 10. Be3 Qh5 11. Rc1 Bg4 12. 0-0 Nd7 13. Qf2 Nc5 14. Bb1 Bxf3 15. gxf3 e5 16. Nd5 Nd4 17. f5 Kh8 18. b4 Nd7 19. Kh1 Rae8 20. Nc7 Rc8 21. Bxd4 Rxc7 22. Bxa7 gxf5 23. exf5 Rfc8 24. Rcd1 Bf8 25. Rg1 b6 26. Rg4 Rxa7 27. Rdg1 Be7 28. Qg3 Raa8 29. Rh4 Qg5 30. Rxh7+ Kg8 31. Rg7+ Kxg7 32. f6+ Bxf6 33. Qh3 Qxg1+ 34. Kxg1 Rxc4 35. Qxd7 Rc1+ 36. Kg2 Rxb1 37. Qg4+ Kf8 38. Qc4 Rb2+ 39. Kg3 Raxa2 40. Qc8+ Kg7 41. Qg4+ Kh6 0-1

[Event "UKR-chT Clubs"]
[Site "Alushta"]
[Date "2011.05.15"]
[Round "3.1"]
[White "Mikhaletz, Lubomir"]
[Black "Nesterets, Anatoliy"]
[Result "1/2-1/2"]
[WhiteElo "2467"]
[BlackElo "2418"]
[PlyCount "145"]
[EventDate "2011.05.13"]
[EventType "team-tourn"]
[EventRounds "9"]
[EventCountry "UKR"]
[SourceTitle "CBM 142 Extra"]
[Source "ChessBase"]
[SourceDate "2011.06.27"]
[SourceVersion "1"]
[SourceVersionDate "2011.06.27"]
[SourceQuality "1"]
[WhiteTeam "Podillya Region"]
[BlackTeam "Chernigov With no mercy"]
[WhiteTeamCountry "UKR"]
[BlackTeamCountry "UKR"]

1. e4 e6 2. d4 d5 3. e5 c5 4. c3 Nc6 5. Nf3 Bd7 6. Be3 Qb6 7. Qd2 f6 8. exf6 Nxf6 9. Bd3 0-0-0 10. 0-0 Bd6 11. Na3 c4 12. Be2 Ne4 13. Qc2 Bxa3 14. bxa3 Qa6 15. Qb2 Be8 16. Ne5 Nxe5 17. dxe5 b6 18. Qb4 Qb5 19. Bd4 Nc5 20. Rab1 Qc6 21. a4 Nxa4 22. Qa3 Rd7 23. Rb4 Nc5 24. Qb2 Rb7 25. Qd2 Bg6 26. Qe3 Rf8 27. Ra1 Rff7 28. f3 a5 29. Rb2 Rfc7 30. Bd1 b5 31. a3 Nd3 32. Rbb1 Rb8 33. Bc2 Nc5 34. Bxg6 hxg6 35. Ra2 Nb3 36. h4 Rcb7 37. Rd1 b4 38. axb4 axb4 39. cxb4 Rxb4 40. Kh2 Ra4 41. Rc2 Qc7 42. Qf4 Qe7 43. Bf2 Rb7 44. Qg4 Kb8 45. Qxg6 Qf7 46. Qg5 Rd7 47. Qg4 Qe7 48. Bd4 Rb7 49. h5 Ra6 50. Bf2 Nc5 51. Bh4 Qf7 52. Qg5 Ka8 53. Rd4 Nd3 54. Rg4 Qc7 55. Bg3 Ra1 56. Qd2 Qa5 57. Qe3 Rbb1 58. Bf2 Rh1+ 59. Kg3 Qc7 60. Rg5 Qe7 61. Kg4 Ra4 62. Bg3 Qa7 63. Qxa7+ Rxa7 64. Rg6 Re7 65. Kg5 Rc1 66. Rxc1 Nxc1 67. h6 gxh6+ 68. Kf6 Rc7 69. Kxe6 Kb7 70. Kxd5 Ne2 71. e6 Nxg3 72. e7 Rxe7 73. Kxc4 1/2-1/2

[Event "UKR-chT Clubs"]
[Site "Alushta"]
[Date "2011.05.14"]
[Round "2.1"]
[White "Nesterets, Anatoliy"]
[Black "Savchenko, Boris"]
[Result "1/2-1/2"]
[WhiteElo "2418"]
[BlackElo "2630"]
[PlyCount "49"]
[EventDate "2011.05.13"]
[EventType "team-tourn"]
[EventRounds "9"]
[EventCountry "UKR"]
[SourceTitle "CBM 142 Extra"]
[Source "ChessBase"]
[SourceDate "2011.06.27"]
[SourceVersion "1"]
[SourceVersionDate "2011.06.27"]
[SourceQuality "1"]
[WhiteTeam "Chernigov With no mercy"]
[BlackTeam "Chernigov DAN"]
[WhiteTeamCountry "UKR"]
[BlackTeamCountry "UKR"]

1. d4 Nf6 2. c4 e6 3. Nc3 Bb4 4. e3 c5 5. Bd3 d5 6. Nf3 cxd4 7. exd4 dxc4 8. Bxc4 0-0 9. 0-0 Qc7 10. Bd3 Bxc3 11. bxc3 Qxc3 12. Bg5 Nbd7 13. Rc1 Qa3 14. Ne5 h6 15. Nc4 Qe7 16. Bf4 Ne8 17. Re1 Ndf6 18. Qf3 Qd8 19. Be5 Nd5 20. Ne3 Nef6 21. Qg3 Nh5 22. Qf3 Nhf6 23. Qg3 Nh5 24. Qf3 Nhf6 25. Qg3 1/2-1/2

[Event "Yuzhny op"]
[Site "Yuzhny"]
[Date "2010.09.11"]
[Round "8"]
[White "Nesterets, Anatoliy"]
[Black "Khazankin, Moisey"]
[Result "1-0"]
[WhiteElo "2427"]
[BlackElo "2136"]
[PlyCount "121"]
[EventDate "2010.09.07"]
[EventType "swiss"]
[EventRounds "9"]
[EventCountry "UKR"]
[SourceTitle "CBM 138 Extra"]
[Source "ChessBase"]
[SourceDate "2010.10.29"]
[SourceVersion "1"]
[SourceVersionDate "2010.10.29"]
[SourceQuality "1"]

1. e4 c5 2. Nf3 d6 3. d4 Nf6 4. Nc3 cxd4 5. Nxd4 a6 6. Rg1 e5 7. Nb3 Be6 8. Be2 d5 9. exd5 Nxd5 10. Nxd5 Qxd5 11. Qxd5 Bxd5 12. Be3 Nc6 13. 0-0-0 Be6 14. Kb1 Rc8 15. Nc5 Bxc5 16. Bxc5 Ne7 17. Ba3 Bf5 18. Rd2 Nc6 19. g4 Be6 20. c3 Rd8 21. Rgd1 Rxd2 22. Rxd2 f6 23. Bc5 Kf7 24. f3 h5 25. h3 hxg4 26. hxg4 Rh1+ 27. Kc2 Ne7 28. b3 Rh2 29. c4 Nc6 30. Kc3 Rh3 31. Rd3 e4 32. Re3 Ne5 33. fxe4 Rxe3+ 34. Bxe3 Nxg4 35. Bf4 g5 36. Bg3 Ke7 37. Kd4 Kd7 38. b4 Nh6 39. Kc5 f5 40. exf5 Nxf5 41. Be5 Ne3 42. a4 b6+ 43. Kd4 Nf5+ 44. Kc3 Ne7 45. Bd4 Nc8 46. c5 bxc5 47. Bxc5 a5 48. bxa5 g4 49. a6 Kc6 50. Kd4 Nb6 51. a7 Na8 52. Bf1 Kc7 53. Bg2 Bc8 54. Bd6+ Kb6 55. Bb8 Bb7 56. a5+ Ka6 57. Bf1+ Kxa5 58. Kc5 Ka4 59. Bb5+ Kb3 60. Bc6 Bxc6 61. Kxc6 1-0

[Event "Yuzhny op"]
[Site "Yuzhny"]
[Date "2010.09.08"]
[Round "3"]
[White "Nesterets, Anatoliy"]
[Black "Yavorovsky, Valeriy"]
[Result "1-0"]
[WhiteElo "2427"]
[BlackElo "2197"]
[PlyCount "95"]
[EventDate "2010.09.07"]
[EventType "swiss"]
[EventRounds "9"]
[EventCountry "UKR"]
[SourceTitle "CBM 138 Extra"]
[Source "ChessBase"]
[SourceDate "2010.10.29"]
[SourceVersion "1"]
[SourceVersionDate "2010.10.29"]
[SourceQuality "1"]

1. d4 d5 2. c4 dxc4 3. Nf3 Nf6 4. Qa4+ Qd7 5. Qxc4 Qc6 6. Nbd2 Qxc4 7. Nxc4 Nc6 8. a3 Bg4 9. e3 Nd7 10. b4 Nb6 11. b5 Nd8 12. Nfe5 Be6 13. Na5 f6 14. Nf3 Nc8 15. e4 Nd6 16. Bd3 Bd7 17. a4 b6 18. Nc4 Nxc4 19. Bxc4 c6 20. 0-0 e6 21. Be3 Nb7 22. bxc6 Bxc6 23. Bxe6 Bxe4 24. Nd2 Nd8 25. Nxe4 Nxe6 26. a5 b5 27. d5 Nc7 28. Rfd1 Kd7 29. d6 Ne6 30. a6 f5 31. Nc5+ Nxc5 32. Bxc5 g6 33. Bd4 Rg8 34. Rac1 Ke6 35. d7 Bd6 36. Be3 Be7 37. Rc6+ Kf7 38. Rc7 Rgd8 39. Rxa7 Rxa7 40. Bxa7 Ra8 41. Bb6 Rxa6 42. d8Q Bxd8 43. Bxd8 b4 44. g3 b3 45. Rb1 Ra8 46. Bb6 Ra3 47. Bc5 Ra5 48. Bb4 1-0

[Event "Myrhorod op"]
[Site "Myrhorod"]
[Date "2010.07.14"]
[Round "9"]
[White "Malienko, Alexander"]
[Black "Nesterets, Anatoliy"]
[Result "0-1"]
[WhiteElo "2184"]
[BlackElo "2427"]
[PlyCount "56"]
[EventDate "2010.07.09"]
[EventType "swiss"]
[EventRounds "9"]
[EventCountry "UKR"]
[SourceTitle "CBM 137 Extra"]
[Source "ChessBase"]
[SourceDate "2010.09.01"]
[SourceVersion "1"]
[SourceVersionDate "2010.09.01"]
[SourceQuality "1"]

1. e4 c5 2. Nf3 d6 3. d4 cxd4 4. Nxd4 Nf6 5. Nc3 a6 6. Be3 e6 7. f3 b5 8. Qd2 Nbd7 9. a4 b4 10. Na2 d5 11. Nxb4 dxe4 12. Be2 Qc7 13. 0-0 Bb7 14. f4 Bc5 15. a5 0-0 16. c4 e5 17. fxe5 Nxe5 18. Rxf6 gxf6 19. Nf5 Qd7 20. Nd5 Bxd5 21. Bxc5 Qxf5 22. Bxf8 Bxc4 23. Bh6 Qg6 24. Rd1 Bd3 25. Bf4 Rc8 26. Qe3 Rc2 27. Bf1 Bxf1 28. Rd8+ Kg7 0-1

[Event "Myrhorod op"]
[Site "Myrhorod"]
[Date "2010.07.12"]
[Round "6"]
[White "Kisel, Nikita"]
[Black "Nesterets, Anatoliy"]
[Result "0-1"]
[WhiteElo "1988"]
[BlackElo "2427"]
[PlyCount "104"]
[EventDate "2010.07.09"]
[EventType "swiss"]
[EventRounds "9"]
[EventCountry "UKR"]
[SourceTitle "CBM 137 Extra"]
[Source "ChessBase"]
[SourceDate "2010.09.01"]
[SourceVersion "1"]
[SourceVersionDate "2010.09.01"]
[SourceQuality "1"]

1. e4 c5 2. Nf3 d6 3. d4 cxd4 4. Nxd4 Nf6 5. Nc3 a6 6. Be3 e6 7. f3 b5 8. Qd2 Nbd7 9. 0-0-0 Nb6 10. e5 dxe5 11. Nxe6 Qxd2+ 12. Rxd2 Bxe6 13. Bxb6 Bb4 14. Re2 Bxc3 15. bxc3 Rc8 16. Ba5 e4 17. fxe4 Bxa2 18. Bb4 Rc6 19. Re1 Kd7 20. Bd3 Ng4 21. Kb2 Bc4 22. Bxc4 bxc4 23. Rd1+ Ke6 24. Rd4 Rb8 25. Ka2 Ne3 26. Rd2 Ng4 27. Rhd1 Rb7 28. h3 Nf6 29. Rd4 Rd7 30. Bf8 Rxd4 31. cxd4 Rc8 32. Bxg7 Nxe4 33. d5+ Kd6 34. Ka3 Rg8 35. Bh6 Rxg2 36. Bf4+ Kd7 37. Rd4 Nc3 38. Kb2 Na4+ 39. Ka3 Nb6 40. c3 a5 41. d6 Rc2 42. Bd2 f5 43. Be1 Re2 44. Bd2 Re4 45. Bf4 Rxd4 46. cxd4 Nd5 47. Be5 c3 48. h4 h5 49. Ka2 a4 50. Ka3 f4 51. Ka2 f3 52. Bg3 Nb4+ 0-1

[Event "Myrhorod op"]
[Site "Myrhorod"]
[Date "2010.07.11"]
[Round "4"]
[White "Lomakin, Viktor"]
[Black "Nesterets, Anatoliy"]
[Result "0-1"]
[WhiteElo "2092"]
[BlackElo "2427"]
[PlyCount "108"]
[EventDate "2010.07.09"]
[EventType "swiss"]
[EventRounds "9"]
[EventCountry "UKR"]
[SourceTitle "CBM 137 Extra"]
[Source "ChessBase"]
[SourceDate "2010.09.01"]
[SourceVersion "1"]
[SourceVersionDate "2010.09.01"]
[SourceQuality "1"]

1. d4 Nf6 2. c4 g6 3. Nc3 Bg7 4. e4 d6 5. Nge2 0-0 6. Ng3 Na6 7. Be2 e5 8. d5 h5 9. Bg5 Qe8 10. 0-0 Nh7 11. Be3 Qe7 12. Rc1 c5 13. Qd2 h4 14. Nh1 Bd7 15. a3 Rae8 16. Bd1 f5 17. exf5 gxf5 18. f4 e4 19. Nf2 Nc7 20. Be2 Bf6 21. Kh1 Kh8 22. Nh3 Rg8 23. Rg1 Qg7 24. b4 Bd4 25. Nd1 b6 26. Rb1 Qf6 27. Ndf2 Rg7 28. Rb3 Ba4 29. Rbb1 Bxe3 30. Qxe3 Qd4 31. Qc1 e3 32. Nd1 Qd2 33. Nc3 Bc2 34. Rb2 Qxc3 35. Qxc2 Qxc2 36. Rxc2 Nf6 37. Re1 cxb4 38. axb4 a5 39. bxa5 bxa5 40. Bd3 Ne4 41. Kg1 Nd2 42. Ng5 Nb3 43. Rc3 Nd4 44. Ra3 Na6 45. Bb1 Rb7 46. Ne6 Nxe6 47. Raxe3 Reb8 48. Bxf5 Nd4 49. Bg6 Kg7 50. f5 Kf6 51. Re4 Rb1 52. Kf1 Rxe1+ 53. Kxe1 Rb1+ 54. Kf2 a4 0-1